[Event "SRB-ch 19th"]
[Site "Pirot"]
[Date "2025.06.07"]
[Round "8"]
[White "Atalik, Suat"]
[Black "Cabarkapa, Novak"]
[Result "1-0"]
[WhiteElo "2422"]
[BlackElo "2455"]
[PlyCount "89"]
[EventDate "2025.05.31"]
[EventType "tourn"]
[EventRounds "9"]
[EventCountry "SRB"]
[EventCategory "6"]
[SourceTitle "CB24_2025"]
[SourceDate "2025.06.11"]
[SourceVersion "1"]
[SourceVersionDate "2025.06.11"]
[SourceQuality "1"]

1. d4 Nf6 2. c4 g6 3. Nc3 Bg7 4. e4 d6 5. Be2 0-0 6. Nf3 e5 7. dxe5 dxe5 8. Qxd8 Rxd8 9. Nd5 Nxd5 10. cxd5 c6 11. Bg5 Re8 12. Bc4 cxd5 13. Bxd5 Na6 14. 0-0-0 Nb4 15. Bb3 Be6 16. Bxe6 Rxe6 17. Kb1 h6 18. Be3 f5 19. Rd7 b6 20. Rhd1 f4 21. Bd2 Nc6 22. Bc3 b5 23. b3 b4 24. Bb2 g5 25. h3 Rae8 26. Rc1 Rg6 27. h4 g4 28. h5 gxf3 29. hxg6 fxg2 30. f3 Re6 31. Rg1 Rxg6 32. Rd2 h5 33. Rdxg2 Rxg2 34. Rxg2 Kh7 35. Kc2 Kh6 36. Kd3 Bf6 37. Ke2 Nd8 38. Rg8 Kh7 39. Rf8 Kg7 40. Rxd8 Bxd8 41. Bxe5+ Kf7 42. Bxf4 a5 43. Kf2 a4 44. bxa4 Ke6 45. Kg3 1-0

[Event "SRB-ch 19th"]
[Site "Pirot"]
[Date "2025.06.06"]
[Round "7"]
[White "Djordjevic, Vuk D"]
[Black "Cabarkapa, Novak"]
[Result "1/2-1/2"]
[WhiteElo "2350"]
[BlackElo "2455"]
[PlyCount "164"]
[EventDate "2025.05.31"]
[EventType "tourn"]
[EventRounds "9"]
[EventCountry "SRB"]
[EventCategory "6"]
[SourceTitle "CB24_2025"]
[SourceDate "2025.06.11"]
[SourceVersion "1"]
[SourceVersionDate "2025.06.11"]
[SourceQuality "1"]

1. e4 c5 2. Nf3 e6 3. g3 Nc6 4. Bg2 Nf6 5. Nc3 d6 6. 0-0 Be7 7. d3 0-0 8. h3 Rb8 9. d4 cxd4 10. Nxd4 Bd7 11. Be3 a6 12. Qd2 Nxd4 13. Bxd4 Bc6 14. Rad1 Nd7 15. f4 Qc7 16. g4 b5 17. g5 b4 18. Ne2 e5 19. Be3 exf4 20. Bxf4 Ne5 21. Nd4 g6 22. b3 Bd7 23. Rf2 f6 24. Ne2 Be6 25. Nd4 Bd7 26. Ne2 Be6 27. gxf6 Rxf6 28. Rdf1 a5 29. Nd4 Bd7 30. Bh6 Rxf2 31. Qxf2 Qd8 32. Qd2 Bf6 33. c4 bxc3 34. Qxc3 Bg7 35. Be3 Qh4 36. Bf2 Qg5 37. Kh1 Qd8 38. Qd2 Kh8 39. Bg3 Ra8 40. Rd1 Qc8 41. Kh2 a4 42. Rc1 Qb8 43. b4 a3 44. Nf3 Be6 45. Nxe5 dxe5 46. Rc6 Bf7 47. Bh4 Qg8 48. Rc2 Bc4 49. Bf3 Rb8 50. Qc3 Bxa2 51. Qxa3 Be6 52. Rb2 Qf8 53. Bg3 Qd6 54. Qc3 Rc8 55. Qd2 Qxd2+ 56. Rxd2 Rb8 57. Rb2 Bc4 58. Be1 Bf8 59. Bc3 Kg8 60. Bd1 Bd6 61. Kg3 Kf7 62. Kf2 Ke7 63. Be2 Rc8 64. Bd2 Bxe2 65. Kxe2 Rc4 66. Kd3 Rd4+ 67. Ke3 Bc7 68. Bc3 Bb6 69. Rc2 Rxb4+ 70. Kd3 Rb5 71. Rb2 Rxb2 72. Bxb2 Kf6 73. Bc1 g5 74. Ke2 h5 75. Kf3 Bc5 76. Bd2 Bg1 77. Kg2 Bc5 78. Kf3 Be7 79. Ba5 Ke6 80. Bc3 Bf6 81. Bb4 Kd7 82. Bc3 Kc6 1/2-1/2

[Event "SRB-ch sf"]
[Site "Senta"]
[Date "2025.05.10"]
[Round "8"]
[White "Pap, Misa"]
[Black "Cabarkapa, Novak"]
[Result "1/2-1/2"]
[WhiteElo "2449"]
[BlackElo "2455"]
[PlyCount "46"]
[EventDate "2025.05.05"]
[EventType "swiss"]
[EventRounds "9"]
[EventCountry "SRB"]
[SourceTitle "CB20_2025"]
[SourceDate "2025.05.14"]
[SourceVersion "1"]
[SourceVersionDate "2025.05.14"]
[SourceQuality "1"]

1. e4 e6 2. d4 d5 3. exd5 exd5 4. Bd3 Nc6 5. c3 Bd6 6. Ne2 Nge7 7. Bf4 Bxf4 8. Nxf4 Qd6 9. Qf3 0-0 10. 0-0 Rd8 11. Nd2 Bf5 12. Bxf5 Nxf5 13. Ne2 Nce7 14. Ng3 Nxg3 15. hxg3 Re8 16. Rfe1 Ng6 17. Re3 Rxe3 18. Qxe3 Kf8 19. Re1 Qd7 20. Nf3 f6 21. a3 Re8 22. Qxe8+ Qxe8 23. Rxe8+ Kxe8 1/2-1/2

[Event "SRB-ch sf"]
[Site "Senta"]
[Date "2025.05.05"]
[Round "1"]
[White "Cabarkapa, Novak"]
[Black "Stanojevic, Ilija"]
[Result "1-0"]
[WhiteElo "2455"]
[BlackElo "2218"]
[PlyCount "69"]
[EventDate "2025.05.05"]
[EventType "swiss"]
[EventRounds "9"]
[EventCountry "SRB"]
[SourceTitle "CB20_2025"]
[SourceDate "2025.05.14"]
[SourceVersion "1"]
[SourceVersionDate "2025.05.14"]
[SourceQuality "1"]

1. e4 c5 2. Nf3 Nc6 3. Bb5 Nf6 4. Bxc6 dxc6 5. d3 Qc7 6. h3 e5 7. Nbd2 Bd6 8. Nc4 Be6 9. Qe2 h6 10. b3 Nd7 11. a4 a5 12. Bd2 Nf8 13. Nh2 Bxc4 14. bxc4 Ne6 15. 0-0 b6 16. Rab1 Qd8 17. Kh1 Bc7 18. Rb2 h5 19. Rg1 Qd7 20. Nf1 g6 21. Qd1 f5 22. exf5 gxf5 23. Bc3 0-0-0 24. Qb1 Nd4 25. Rxb6 Bxb6 26. Qxb6 f4 27. Bxd4 exd4 28. Nd2 Qc7 29. Qxc5 Rh6 30. Rb1 Rg8 31. Qf5+ Kd8 32. Nf3 Rhg6 33. Ne5 Rxg2 34. Qf6+ Ke8 35. Rb8+ 1-0

[Event "Titled Tuesday intern op 25th Feb Early"]
[Site "Chess.com INT"]
[Date "2025.02.25"]
[Round "2"]
[White "Cabarkapa, Novak"]
[Black "Paramzina, Anastasya"]
[Result "1-0"]
[WhiteElo "2452"]
[BlackElo "2133"]
[PlyCount "77"]
[EventDate "2025.02.25"]
[EventType "swiss (blitz)"]
[EventRounds "11"]
[EventCountry "USA"]
[SourceTitle "CB10_2025"]
[SourceDate "2025.03.05"]
[SourceVersion "1"]
[SourceVersionDate "2025.03.05"]
[SourceQuality "1"]

1. d4 Nf6 2. Nc3 d5 3. Bf4 g6 4. e3 c6 5. Bd3 Bg7 6. h4 a5 7. h5 Nxh5 8. Rxh5 gxh5 9. Qxh5 Nd7 10. Qg5 Bf6 11. Qh6 Nf8 12. Nf3 Ng6 13. Bg3 b5 14. Ne5 Bxe5 15. dxe5 d4 16. exd4 Qxd4 17. 0-0-0 Qg4 18. Nxb5 Qxd1+ 19. Kxd1 cxb5 20. Bxb5+ Bd7 21. Bc4 0-0-0 22. Kc1 Bg4 23. f3 Be6 24. Ba6+ Kb8 25. Qe3 Rd7 26. Qb6+ Ka8 27. Qxa5 Ra7 28. Qb6 Bd5 29. c4 Rb8 30. Qc5 Rxa6 31. cxd5 Ra7 32. e6 fxe6 33. Bxb8 Kxb8 34. Qb6+ Rb7 35. Qd8+ Ka7 36. dxe6 Ne5 37. Qa5+ Kb8 38. Qxe5+ Kc8 39. Qh8+ 1-0

[Event "Titled Tuesday intern op 21st Jan Late"]
[Site "Chess.com INT"]
[Date "2025.01.21"]
[Round "4"]
[White "Cabarkapa, Novak"]
[Black "Kozak, Adam"]
[Result "0-1"]
[WhiteElo "2452"]
[BlackElo "2595"]
[PlyCount "54"]
[EventDate "2025.01.21"]
[EventType "swiss (blitz)"]
[EventRounds "11"]
[EventCountry "USA"]
[SourceTitle "CB05_2025"]
[SourceDate "2025.01.29"]
[SourceVersion "1"]
[SourceVersionDate "2025.01.29"]
[SourceQuality "1"]

1. d4 e6 2. Nc3 d5 3. Bf4 Bb4 4. e3 Nf6 5. Nge2 a6 6. a3 Be7 7. Nc1 b6 8. g4 Bb7 9. Bg2 c5 10. g5 Nfd7 11. h4 Nc6 12. Qd2 h6 13. gxh6 g6 14. N1e2 Bxh4 15. e4 cxd4 16. Nxd4 Nxd4 17. Qxd4 Bf6 18. e5 Bg5 19. 0-0-0 Rc8 20. Bf1 Bxf4+ 21. Qxf4 Qc7 22. Bd3 Qxe5 23. Qg4 d4 24. Ne4 Bxe4 25. Bxe4 Nf6 26. Bc6+ Rxc6 27. Qf3 Qe4 0-1

[Event "Titled Tuesday intern op 21st Jan Late"]
[Site "Chess.com INT"]
[Date "2025.01.21"]
[Round "1"]
[White "Hoffmann, Asa"]
[Black "Cabarkapa, Novak"]
[Result "0-1"]
[WhiteElo "2178"]
[BlackElo "2452"]
[PlyCount "64"]
[EventDate "2025.01.21"]
[EventType "swiss (blitz)"]
[EventRounds "11"]
[EventCountry "USA"]
[SourceTitle "CB05_2025"]
[SourceDate "2025.01.29"]
[SourceVersion "1"]
[SourceVersionDate "2025.01.29"]
[SourceQuality "1"]

1. d4 g6 2. e4 Bg7 3. Be3 d5 4. Nc3 dxe4 5. Nxe4 Nf6 6. Nxf6+ exf6 7. Bc4 0-0 8. Nf3 c6 9. 0-0 a5 10. a4 Na6 11. c3 Nc7 12. h3 Nd5 13. Re1 Be6 14. Qb3 Qb6 15. Bxd5 Qxb3 16. Bxb3 Bxb3 17. Bf4 Rfe8 18. Bc7 Rxe1+ 19. Nxe1 Kf8 20. Nd3 Bc2 21. Bd6+ Ke8 22. Nc5 b6 23. Re1+ Kd8 24. Ne4 Kd7 25. Bg3 Bxa4 26. f3 Bb3 27. Nd2 Be6 28. c4 Bh6 29. Nb1 Bxc4 30. Na3 Bd5 31. f4 b5 32. Bf2 Bxf4 0-1

[Event "Titled Tuesday intern op 26th Nov Late"]
[Site "Chess.com INT"]
[Date "2024.11.26"]
[Round "1"]
[White "Poupalos, Nikolaos"]
[Black "Cabarkapa, Novak"]
[Result "1-0"]
[WhiteElo "2216"]
[BlackElo "2456"]
[PlyCount "75"]
[EventDate "2024.11.26"]
[EventType "swiss (blitz)"]
[EventRounds "11"]
[EventCountry "USA"]
[SourceTitle "CB49_2024"]
[SourceDate "2024.12.04"]
[SourceVersion "1"]
[SourceVersionDate "2024.12.04"]
[SourceQuality "1"]

1. d4 a6 2. e4 e6 3. Nf3 d5 4. Nc3 Bb4 5. e5 Bd7 6. Bd2 Ne7 7. Bd3 Bxc3 8. Bxc3 Bb5 9. 0-0 Bxd3 10. Qxd3 Nd7 11. Bd2 c5 12. c3 Nc6 13. Rfe1 h6 14. h4 Qc7 15. h5 0-0-0 16. Qe3 cxd4 17. cxd4 Kb8 18. Rec1 Rc8 19. Rc3 Nb6 20. b3 Qd7 21. Rac1 Ne7 22. Qf4 Rxc3 23. Rxc3 Rf8 24. a4 Nc6 25. Qg4 f6 26. exf6 gxf6 27. Bxh6 Re8 28. Bg7 Qf7 29. h6 Ne7 30. Nh4 Ka7 31. h7 Nf5 32. h8Q Rxh8 33. Bxh8 Nd6 34. Qg6 Qd7 35. Qg7 Qe8 36. Rc7 Qh5 37. Nf3 Na8 38. Rd7 1-0

[Event "SRB-chT2 Vojvodina"]
[Site "Palic"]
[Date "2024.11.01"]
[Round "5.2"]
[White "Cabarkapa, Novak"]
[Black "Pastar, Slaven"]
[Result "1/2-1/2"]
[WhiteElo "2464"]
[BlackElo "2361"]
[PlyCount "134"]
[EventDate "2024.10.29"]
[EventType "team-tourn"]
[EventRounds "11"]
[EventCountry "SRB"]
[SourceTitle "CB45_2024"]
[Source "ChessBase"]
[SourceDate "2024.11.06"]
[SourceVersion "1"]
[SourceVersionDate "2024.11.06"]
[SourceQuality "1"]
[WhiteTeam "Dec"]
[BlackTeam "Zrenjanin Proleter"]
[WhiteTeamCountry "SRB"]
[BlackTeamCountry "SRB"]

1. c4 b6 2. Nc3 Bb7 3. e4 e6 4. g3 f5 5. Bg2 Nf6 6. d3 fxe4 7. a3 a5 8. Nh3 Bc5 9. d4 Be7 10. 0-0 0-0 11. Re1 Qe8 12. Ng5 Na6 13. Ngxe4 Nxe4 14. Nxe4 Qf7 15. Qe2 Rae8 16. Nd6 Bxd6 17. Bxb7 Nb8 18. Be4 Nc6 19. Be3 Ne7 20. Qc2 Nf5 21. Rad1 Qh5 22. c5 Nxe3 23. fxe3 Be7 24. b4 axb4 25. axb4 Rf6 26. Qe2 Qxe2 27. Rxe2 bxc5 28. bxc5 d5 29. Bg2 c6 30. e4 Rff8 31. exd5 exd5 32. Re6 Rf6 33. Rxc6 Rxc6 34. Bxd5+ Kh8 35. Bxc6 Rd8 36. Bf3 Rxd4 37. Re1 Rd7 38. c6 Rc7 39. Kf1 Kg8 40. Ke2 Kf7 41. Kd3 Ra7 42. Be4 h5 43. Bd5+ Ke8 44. Re5 h4 45. gxh4 Kd8 46. h5 Bd6 47. Rg5 Bxh2 48. Be6 Re7 49. Rg6 Kc7 50. Bd5 Kb6 51. Kc4 Be5 52. Rg1 Kc7 53. Rb1 Kd6 54. Rb8 Ra7 55. Re8 Re7 56. Ra8 Kc7 57. Kb5 Bf4 58. Rf8 Be5 59. Kc4 Bd6 60. Rf5 Bg3 61. Kd4 Bh2 62. Rg5 Bf4 63. Rf5 Be3+ 64. Kc4 Bg1 65. Bf3 Bh2 66. Kd5 Bg3 67. Bg4 Bd6 1/2-1/2

[Event "SRB-chT2 Vojvodina"]
[Site "Palic"]
[Date "2024.10.30"]
[Round "3.2"]
[White "Cabarkapa, Novak"]
[Black "Saric, Sinisa"]
[Result "1-0"]
[WhiteElo "2464"]
[BlackElo "2373"]
[PlyCount "91"]
[EventDate "2024.10.29"]
[EventType "team-tourn"]
[EventRounds "11"]
[EventCountry "SRB"]
[SourceTitle "CB45_2024"]
[Source "ChessBase"]
[SourceDate "2024.11.06"]
[SourceVersion "1"]
[SourceVersionDate "2024.11.06"]
[SourceQuality "1"]
[WhiteTeam "Dec"]
[BlackTeam "Nova Pazova Mladost"]
[WhiteTeamCountry "SRB"]
[BlackTeamCountry "SRB"]

1. Nf3 Nf6 2. g3 g6 3. b3 Bg7 4. Bb2 b6 5. Bg2 Bb7 6. c4 c5 7. d4 cxd4 8. Qxd4 Nc6 9. Qd2 0-0 10. Nc3 e6 11. Rd1 Re8 12. 0-0 d5 13. cxd5 exd5 14. Qc1 Qe7 15. Qa1 Nb4 16. Nd4 Rac8 17. a3 Na6 18. Ncb5 Ba8 19. b4 Nb8 20. Nf3 a6 21. Nbd4 Nbd7 22. e3 Bf8 23. Ne2 Ne4 24. Nf4 Ndf6 25. Bd4 a5 26. Nd3 Nd7 27. Nfe5 Ndf6 28. Nf3 Nd7 29. Nfe5 Nxe5 30. Bxe5 Bc6 31. Bd4 Ba4 32. Nf4 Qb7 33. Rc1 Bb5 34. Rxc8 Rxc8 35. Rd1 axb4 36. axb4 Bc4 37. Qb1 Ra8 38. Nd3 Ra4 39. Ba1 Ra2 40. Ne5 Be2 41. Qxa2 Bxd1 42. b5 Qe7 43. Qxd5 Bc2 44. Bxe4 Bxe4 45. Qxe4 f6 46. Ng4 1-0

[Event "CRO-chT1A 32nd"]
[Site "Veli Losinj"]
[Date "2024.10.06"]
[Round "2.2"]
[White "Cabarkapa, Novak"]
[Black "Cheparinov, Ivan"]
[Result "0-1"]
[WhiteElo "2464"]
[BlackElo "2634"]
[PlyCount "86"]
[EventDate "2024.10.05"]
[EventType "team-tourn"]
[EventRounds "9"]
[EventCountry "CRO"]
[SourceTitle "CB47_2024"]
[SourceDate "2024.11.20"]
[SourceVersion "1"]
[SourceVersionDate "2024.11.20"]
[SourceQuality "1"]
[WhiteTeam "Sveta Nedelja"]
[BlackTeam "Solin Cemex"]
[WhiteTeamCountry "CRO"]
[BlackTeamCountry "CRO"]

1. e4 c5 2. Nf3 e6 3. d4 cxd4 4. Nxd4 Nc6 5. Nc3 Qc7 6. Be3 a6 7. a3 Nf6 8. f4 d6 9. Qf3 e5 10. Nxc6 bxc6 11. Bc4 Be7 12. fxe5 dxe5 13. h3 0-0 14. 0-0 Rb8 15. b3 a5 16. g4 h6 17. Kh1 Kh8 18. Qg3 Be6 19. Bxe6 fxe6 20. g5 hxg5 21. Qxg5 Nh7 22. Qg6 Bxa3 23. Rxf8+ Bxf8 24. Qxe6 Bb4 25. Ne2 Rf8 26. c3 Rf6 27. Qg4 Bf8 28. Ng3 Qf7 29. c4 Rg6 30. Qf5 Rf6 31. Qg4 Qb7 32. Nh5 Rf7 33. Qd1 Qd7 34. Kg2 Bb4 35. Ng3 Bc3 36. Rc1 Bd4 37. Bxd4 exd4 38. Qh5 d3 39. Rd1 Rf8 40. Qxa5 Qd4 41. Rf1 Qb2+ 42. Kh1 d2 43. Nf5 g6 0-1

[Event "HUN-ch Rapid"]
[Site "Ajka"]
[Date "2024.07.21"]
[Round "8"]
[White "Cabarkapa, Novak"]
[Black "Palczert, Matyas"]
[Result "0-1"]
[WhiteElo "2464"]
[BlackElo "2345"]
[PlyCount "94"]
[EventDate "2024.07.20"]
[EventType "swiss (rapid)"]
[EventRounds "11"]
[EventCountry "HUN"]
[SourceTitle "CBM 221 Extra"]
[Source "ChessBase"]
[SourceDate "2024.09.30"]
[SourceVersion "1"]
[SourceVersionDate "2024.09.30"]
[SourceQuality "1"]

1. e4 e5 2. Nf3 Nc6 3. Bc4 Nf6 4. d3 d5 5. exd5 Nxd5 6. h3 Nb6 7. Bb3 Bf5 8. 0-0 Qd7 9. a4 a5 10. Nc3 0-0-0 11. Be3 f6 12. Bxb6 cxb6 13. Ne4 Kb8 14. Qe2 Be7 15. Ng3 Bg6 16. Bc4 h5 17. Bb5 h4 18. Ne4 Bh5 19. Qe3 Bxf3 20. Qxf3 Nd4 21. Bxd7 Nxf3+ 22. gxf3 Rxd7 23. Kh1 Rc8 24. Rac1 Rdc7 25. c4 Rd7 26. Rfd1 Rcd8 27. Nc3 Rxd3 28. Nd5 Bc5 29. Kg2 Rxd1 30. Rxd1 Re8 31. b3 e4 32. fxe4 Rxe4 33. Kf3 Rd4 34. Rxd4 Bxd4 35. Nf4 g5 36. Ne6 Bc5 37. Kg4 Bxf2 38. Kf5 Be1 39. Nf8 Bc3 40. c5 bxc5 41. Nd7+ Kc7 42. Nxc5 Ba1 43. Ke4 Kc6 44. Ne6 b5 45. Kd3 bxa4 46. bxa4 Kd6 47. Nd8 Kc5 0-1

[Event "HUN-ch Rapid"]
[Site "Ajka"]
[Date "2024.07.20"]
[Round "6"]
[White "Cabarkapa, Novak"]
[Black "Onodi, Tamas"]
[Result "1-0"]
[WhiteElo "2464"]
[BlackElo "2003"]
[PlyCount "105"]
[EventDate "2024.07.20"]
[EventType "swiss (rapid)"]
[EventRounds "11"]
[EventCountry "HUN"]
[SourceTitle "CBM 221 Extra"]
[Source "ChessBase"]
[SourceDate "2024.09.30"]
[SourceVersion "1"]
[SourceVersionDate "2024.09.30"]
[SourceQuality "1"]

1. e4 c5 2. a3 e6 3. b4 cxb4 4. axb4 Nf6 5. e5 Nd5 6. b5 d6 7. c4 Nb6 8. exd6 Bxd6 9. Nf3 0-0 10. d4 Bb4+ 11. Bd2 Bxd2+ 12. Qxd2 N8d7 13. Bd3 e5 14. c5 e4 15. Bxe4 Re8 16. 0-0 Rxe4 17. cxb6 Nxb6 18. Nc3 Rg4 19. Rfe1 Be6 20. h3 Rg6 21. Ne5 Nc4 22. Nxc4 Bxc4 23. Re5 Qh4 24. Rxa7 Rd8 25. Qe3 h6 26. Re4 Qh5 27. Rxb7 Kh7 28. Rc7 Be6 29. Rc5 Qxh3 30. Qxh3 Bxh3 31. g3 f5 32. Rf4 Re6 33. Kh2 g5 34. Rf3 Bg4 35. Re3 Rf6 36. d5 f4 37. Re7+ Kg8 38. Ne4 fxg3+ 39. fxg3 Rf1 40. d6 Bf3 41. Nf6+ Kf8 42. Nd7+ Kg8 43. g4 Bxg4 44. Ne5 Bf5 45. d7 Bxd7 46. Rxd7 Ra8 47. Kg2 Rf4 48. Rc2 Rf5 49. Rd5 Rf6 50. Rf2 Rb6 51. Nd7 Rb7 52. b6 Kg7 53. Rc2 1-0

[Event "HUN-ch Blitz"]
[Site "Ajka"]
[Date "2024.07.19"]
[Round "10"]
[White "Terbe, Julianna"]
[Black "Cabarkapa, Novak"]
[Result "0-1"]
[WhiteElo "2289"]
[BlackElo "2464"]
[PlyCount "21"]
[EventDate "2024.07.19"]
[EventType "swiss (blitz)"]
[EventRounds "13"]
[EventCountry "HUN"]
[SourceTitle "CBM 221 Extra"]
[Source "ChessBase"]
[SourceDate "2024.09.30"]
[SourceVersion "1"]
[SourceVersionDate "2024.09.30"]
[SourceQuality "1"]

1. Nf3 Nf6 2. c4 d6 3. d4 Nbd7 4. g3 e5 5. Bg2 c6 6. 0-0 e4 7. Ne1 Nb6 8. Qc2 Be6 9. Be3 Nbd7 10. d5 Rg8 11. f3 0-1

[Event "Budapest Spring op"]
[Site "Budapest"]
[Date "2024.05.31"]
[Round "9"]
[White "Cabarkapa, Novak"]
[Black "Shohat, Yotam"]
[Result "1/2-1/2"]
[WhiteElo "2444"]
[BlackElo "2410"]
[PlyCount "87"]
[EventDate "2024.05.20"]
[EventType "swiss"]
[EventRounds "9"]
[EventCountry "HUN"]
[SourceTitle "CBM 220 Extra"]
[Source "ChessBase"]
[SourceDate "2024.07.31"]
[SourceVersion "1"]
[SourceVersionDate "2024.07.31"]
[SourceQuality "1"]

1. e4 c5 2. c3 Nf6 3. e5 Nd5 4. Nf3 Nc6 5. d4 cxd4 6. cxd4 d6 7. Bc4 dxe5 8. dxe5 Ndb4 9. 0-0 Qxd1 10. Rxd1 Bg4 11. Nc3 Nc2 12. Rb1 Bxf3 13. gxf3 e6 14. f4 N2d4 15. Nb5 0-0-0 16. Be3 Bc5 17. b4 Nxb5 18. Rxd8+ Rxd8 19. Bxb5 Bxe3 20. fxe3 Rd2 21. Rc1 Kd7 22. a3 a6 23. Ba4 Rd3 24. Rd1 Rxd1+ 25. Bxd1 a5 26. bxa5 Nxa5 27. Ba4+ Kc7 28. Be8 f6 29. exf6 gxf6 30. Bb5 Kd6 31. Kf2 Kd5 32. Bd3 h6 33. Kf3 f5 34. e4+ fxe4+ 35. Bxe4+ Kd4 36. a4 b6 37. f5 exf5 38. Bxf5 Nc4 39. Kf4 Nb2 40. Bd7 Kd5 41. Kf5 Kd6 42. Bb5 Ke7 43. Kg6 Kf8 44. Kxh6 1/2-1/2

[Event "Titled Tuesday intern op 14th May Late"]
[Site "Chess.com INT"]
[Date "2024.05.14"]
[Round "3"]
[White "Rustemov, Alexander"]
[Black "Cabarkapa, Novak"]
[Result "0-1"]
[WhiteElo "2525"]
[BlackElo "2444"]
[PlyCount "124"]
[EventDate "2024.05.14"]
[EventType "swiss (blitz)"]
[EventRounds "11"]
[EventCountry "USA"]
[SourceTitle "CBM 220 Extra"]
[Source "ChessBase"]
[SourceDate "2024.07.31"]
[SourceVersion "1"]
[SourceVersionDate "2024.07.31"]
[SourceQuality "1"]

1. d4 Nf6 2. c4 g6 3. Nf3 Bg7 4. g3 0-0 5. Bg2 d6 6. Nc3 Nbd7 7. 0-0 e5 8. e4 Re8 9. h3 b6 10. Qc2 exd4 11. Nxd4 Bb7 12. Be3 Nc5 13. f3 d5 14. cxd5 Nxd5 15. Nxd5 Bxd5 16. Rfd1 Qe7 17. b4 Na6 18. b5 Nc5 19. Bf2 Bb7 20. Rac1 Rad8 21. Nb3 Rxd1+ 22. Rxd1 Nxb3 23. Qxb3 Rd8 24. a4 h5 25. h4 c5 26. bxc6 Bxc6 27. Bf1 Rxd1 28. Qxd1 Qa3 29. Bb5 Bxb5 30. axb5 Bf8 31. Kg2 Qb2 32. Qd8 Qxb5 33. Qb8 a5 34. Qxb6 Qxb6 35. Bxb6 a4 36. Bd4 a3 37. Kf2 a2 38. Ke2 Bd6 39. f4 f5 40. exf5 gxf5 41. Kd3 Kf7 42. Kc2 Bc5 43. Bb2 Bf2 44. Kb3 Bxg3 45. Kxa2 Bxf4 46. Bd4 Bg3 47. Kb3 Bxh4 48. Kc4 Bf6 49. Be3 Kg6 50. Kd3 h4 51. Ke2 Bg5 52. Bf2 h3 53. Kf3 Bf6 54. Kg3 Bh4+ 55. Kf3 Bxf2 56. Kxf2 Kg5 57. Kg3 h2 58. Kxh2 Kf4 59. Kg2 Ke3 60. Kf1 Kf3 61. Kg1 Ke2 62. Kh2 f4 0-1

[Event "Titled Tuesday intern op 07th May Early"]
[Site "Chess.com INT"]
[Date "2024.05.07"]
[Round "3"]
[White "Cabarkapa, Novak"]
[Black "Bok, Benjamin"]
[Result "0-1"]
[WhiteElo "2444"]
[BlackElo "2599"]
[PlyCount "68"]
[EventDate "2024.05.07"]
[EventType "swiss (blitz)"]
[EventRounds "11"]
[EventCountry "USA"]
[SourceTitle "EXT 2025"]
[Source "ChessBase"]
[SourceDate "2024.10.14"]
[SourceVersion "1"]
[SourceVersionDate "2024.10.14"]
[SourceQuality "1"]

1. d4 Nf6 2. Nc3 d5 3. Bf4 c5 4. e3 cxd4 5. exd4 a6 6. Nf3 Nc6 7. Ne5 Bd7 8. Ne2 e6 9. c3 Be7 10. Ng3 Nxe5 11. dxe5 Ne4 12. Nxe4 dxe4 13. Qg4 g6 14. Be2 h5 15. Qg3 Qb6 16. 0-0-0 0-0-0 17. Qe3 Bc5 18. Qxe4 Bc6 19. Qc2 Bxf2 20. Bf3 Bxf3 21. gxf3 Be3+ 22. Bxe3 Qxe3+ 23. Kb1 Qxe5 24. Ka1 Rxd1+ 25. Rxd1 Rd8 26. Rxd8+ Kxd8 27. Qd2+ Ke7 28. a3 g5 29. Qg2 Qd5 30. Qe2 f5 31. Qf2 g4 32. fxg4 hxg4 33. Qh4+ Kd7 34. Qd8+ Kxd8 0-1